[Event "GER-ch Net blitz qual3"]
[Site "Playchess.com INT"]
[Date "2021.05.07"]
[Round "10"]
[White "Steffens, Olaf"]
[Black "Brunke, Christian"]
[Result "0-1"]
[WhiteElo "1901"]
[BlackElo "2340"]
[PlyCount "122"]
[EventDate "2021.05.07"]
[EventType "swiss (blitz)"]
[EventRounds "11"]
[EventCountry "GER"]
[SourceTitle "CBM 202 Extra"]
[Source "ChessBase"]
[SourceDate "2021.07.31"]
[SourceVersion "1"]
[SourceVersionDate "2021.07.31"]
[SourceQuality "1"]

1. b4 g6 2. Bb2 Nf6 3. g4 Bg7 4. g5 Nh5 5. Qc1 e5 6. Nf3 d6 7. e3 0-0 8. Be2 e4 9. Bxg7 Nxg7 10. Nd4 Qxg5 11. Nc3 Qg2 12. Rf1 Bh3 13. Qb2 Nc6 14. Nxc6 bxc6 15. 0-0-0 a5 16. Rg1 Qxf2 17. Bg4 Bxg4 18. Nxe4 Qf5 19. Rxg4 axb4 20. Nf6+ Kh8 21. Rh4 h5 22. Rg1 Qe5 23. Qxe5 dxe5 24. Kb2 Nf5 25. Rh3 Ng7 26. Rh4 Ra4 27. d3 Rfa8 28. Ra1 Nf5 29. Rh3 Kg7 30. Ne4 Nd6 31. Nc5 R4a5 32. Nb3 R5a7 33. Nc5 Ra5 34. Nb3 Rb5 35. c4 bxc3+ 36. Kxc3 Ra3 37. Kb2 Ra8 38. a4 Rb4 39. a5 Nb7 40. a6 Nc5 41. Ra3 Rxb3+ 42. Rxb3 Nxb3 43. Kxb3 Rxa6 44. Rf3 f5 45. Kc4 Kf6 46. Rf2 g5 47. Kc5 g4 48. Kc4 h4 49. Kc3 Kg5 50. Kc4 f4 51. exf4+ exf4 52. Kd4 g3 53. hxg3 hxg3 54. Rf1 Kg4 55. Ke4 Ra4+ 56. Ke5 f3 57. d4 Ra5+ 58. Ke4 f2 59. d5 Rxd5 60. Ke3 Re5+ 61. Kd4 Re1 0-1

[Event "GER-ch Net blitz qual3"]
[Site "Playchess.com INT"]
[Date "2021.05.07"]
[Round "4"]
[White "Steffens, Olaf"]
[Black "Fluechter, Gregor"]
[Result "0-1"]
[WhiteElo "1901"]
[BlackElo "1620"]
[PlyCount "88"]
[EventDate "2021.05.07"]
[EventType "swiss (blitz)"]
[EventRounds "11"]
[EventCountry "GER"]
[SourceTitle "CBM 202 Extra"]
[Source "ChessBase"]
[SourceDate "2021.07.31"]
[SourceVersion "1"]
[SourceVersionDate "2021.07.31"]
[SourceQuality "1"]

1. b4 e6 2. Bb2 Nf6 3. b5 d5 4. e3 Bd6 5. c4 c6 6. a4 0-0 7. Nf3 Qe7 8. Nc3 e5 9. bxc6 bxc6 10. cxd5 cxd5 11. Nb5 e4 12. Nxd6 Qxd6 13. Nd4 Nc6 14. Nxc6 Qxc6 15. Bb5 Qb6 16. Bd4 Qe6 17. 0-0 a6 18. Be2 Bd7 19. f3 a5 20. Qe1 exf3 21. Rxf3 Ne4 22. d3 Ng5 23. Rg3 f6 24. h4 Nf7 25. h5 Ne5 26. h6 g6 27. Qf2 Rac8 28. Bf1 Ng4 29. Qf4 g5 30. Qf3 Nxh6 31. Qh5 Nf5 32. Rh3 Rf7 33. Bb2 Rc2 34. Rb1 Qb6 35. Bxf6 Qxf6 36. Rb8+ Rc8 37. Rxc8+ Bxc8 38. e4 Nd4 39. exd5 Bxh3 40. Qxh3 Qxf1+ 41. Kh2 Qf4+ 42. Kg1 Ne2+ 43. Kh1 Qf1+ 44. Kh2 Qg1# 0-1

[Event "GER-ch Net Amateur Gr-A Vor3"]
[Site "Playchess.com INT"]
[Date "2020.04.16"]
[Round "6"]
[White "Foerster, Erik"]
[Black "Steffens, Olaf"]
[Result "1-0"]
[WhiteElo "2084"]
[BlackElo "1968"]
[PlyCount "95"]
[EventDate "2020.04.16"]
[EventType "swiss (blitz)"]
[EventRounds "9"]
[EventCountry "GER"]
[SourceTitle "CBM 195 Extra"]
[Source "ChessBase"]
[SourceDate "2020.05.31"]
[SourceVersion "1"]
[SourceVersionDate "2020.05.31"]
[SourceQuality "1"]

1. d4 b5 2. e4 a6 3. Bd3 e6 4. Nf3 c5 5. c3 Bb7 6. 0-0 Nf6 7. Re1 Be7 8. Bg5 d6 9. Nbd2 Nbd7 10. Qe2 c4 11. Bc2 e5 12. Nf1 h6 13. Bh4 g5 14. Bg3 g4 15. Nh4 Qc7 16. Nf5 Bf8 17. a4 h5 18. axb5 h4 19. Bxh4 Rxh4 20. Nxh4 axb5 21. Rxa8+ Bxa8 22. Nf5 Bb7 23. d5 Nc5 24. Qd2 Nd3 25. Bxd3 cxd3 26. Qxd3 Qc5 27. Qe3 Nd7 28. Qxc5 Nxc5 29. N1g3 Nd3 30. Re2 Kd7 31. Ne3 Bh6 32. Nxg4 Bc1 33. b3 Ba3 34. Ra2 Bc5 35. Kf1 Kc7 36. Rd2 Nc1 37. Rb2 Nd3 38. Ra2 Kb6 39. h4 b4 40. cxb4 Nxb4 41. Ra1 Nd3 42. h5 Nf4 43. h6 Ng6 44. h7 Ba6+ 45. Kg1 Bd3 46. Ra8 Kb7 47. h8Q Nxh8 48. Rxh8 1-0

[Event "GER-ch Net Amateur Gr-A Vor3"]
[Site "Playchess.com INT"]
[Date "2020.04.16"]
[Round "4"]
[White "Helmer, Christoph"]
[Black "Steffens, Olaf"]
[Result "1-0"]
[WhiteElo "2140"]
[BlackElo "1969"]
[PlyCount "41"]
[EventDate "2020.04.16"]
[EventType "swiss (blitz)"]
[EventRounds "9"]
[EventCountry "GER"]
[SourceTitle "CBM 195 Extra"]
[Source "ChessBase"]
[SourceDate "2020.05.31"]
[SourceVersion "1"]
[SourceVersionDate "2020.05.31"]
[SourceQuality "1"]

1. e4 a6 2. d4 e6 3. g3 b5 4. Bg2 Bb7 5. Ne2 f5 6. d5 fxe4 7. dxe6 Nf6 8. Bg5 Bc5 9. Nbc3 Bxf2+ 10. Kf1 0-0 11. Nf4 Bb6 12. Nxe4 Nc6 13. Nxf6+ Rxf6 14. Bxf6 Qxf6 15. exd7 g5 16. Qd5+ Kh8 17. Qe6 Qd4 18. Qe8+ Kg7 19. Ne6+ Kf6 20. Nxd4 Nxd4 21. Bxb7 1-0

[Event "GER-ch Net Amateur Gr-A Vor3"]
[Site "Playchess.com INT"]
[Date "2020.04.16"]
[Round "7"]
[White "Steffens, Olaf"]
[Black "Gaitzsch, Martin"]
[Result "1-0"]
[WhiteElo "1957"]
[BlackElo "1821"]
[PlyCount "53"]
[EventDate "2020.04.16"]
[EventType "swiss (blitz)"]
[EventRounds "9"]
[EventCountry "GER"]
[SourceTitle "CBM 195 Extra"]
[Source "ChessBase"]
[SourceDate "2020.05.31"]
[SourceVersion "1"]
[SourceVersionDate "2020.05.31"]
[SourceQuality "1"]

1. b4 c6 2. e3 Qb6 3. a3 a5 4. b5 Nf6 5. c4 g6 6. Nc3 Bg7 7. Bb2 0-0 8. Nf3 d6 9. d4 Bf5 10. Be2 Nbd7 11. Nh4 cxb5 12. Nxf5 gxf5 13. Nxb5 Ne4 14. 0-0 Rac8 15. Bd3 Ndf6 16. f3 Ng5 17. d5 e6 18. Bd4 Qd8 19. h4 e5 20. hxg5 Nh5 21. Bc3 Qxg5 22. f4 exf4 23. Bxg7 Kxg7 24. Nd4 fxe3 25. Rxf5 Qh4 26. Rxh5 Qxh5 27. Qxh5 1-0

[Event "GER-ch Net Amateur Gr-A Vor3"]
[Site "Playchess.com INT"]
[Date "2020.04.16"]
[Round "5"]
[White "Steffens, Olaf"]
[Black "Scharrer, Udo"]
[Result "1-0"]
[WhiteElo "1959"]
[BlackElo "1772"]
[PlyCount "65"]
[EventDate "2020.04.16"]
[EventType "swiss (blitz)"]
[EventRounds "9"]
[EventCountry "GER"]
[SourceTitle "CBM 195 Extra"]
[Source "ChessBase"]
[SourceDate "2020.05.31"]
[SourceVersion "1"]
[SourceVersionDate "2020.05.31"]
[SourceQuality "1"]

1. b4 e5 2. a3 g6 3. Bb2 Bg7 4. c4 Ne7 5. e3 0-0 6. Nf3 d6 7. Nc3 Nd7 8. h4 h5 9. Ng5 c6 10. Be2 Nf6 11. a4 d5 12. b5 d4 13. Nce4 Nxe4 14. Nxe4 Nf5 15. g3 d3 16. Bf3 Nd6 17. Ng5 Nxc4 18. Bc3 cxb5 19. axb5 Bf5 20. e4 Bd7 21. Bxh5 f6 22. Bxg6 fxg5 23. Qh5 Rf6 24. Qh7+ Kf8 25. Bb4+ Rd6 26. hxg5 Qxg5 27. Rh5 Qg4 28. Kf1 Qe2+ 29. Kg2 a5 30. bxa6 Raxa6 31. Rxa6 bxa6 32. Rxe5 Nxe5 33. Bxd6# 1-0

[Event "GER-ch Net Amateur Gr-A Vor1"]
[Site "Playchess.com INT"]
[Date "2020.04.14"]
[Round "8"]
[White "Steffens, Olaf"]
[Black "Costa, Leonardo"]
[Result "1/2-1/2"]
[WhiteElo "1938"]
[BlackElo "1854"]
[PlyCount "103"]
[EventDate "2020.04.14"]
[EventType "swiss (blitz)"]
[EventRounds "9"]
[EventCountry "GER"]
[SourceTitle "EXT 2021"]
[Source "ChessBase"]
[SourceDate "2020.10.23"]
[SourceVersion "1"]
[SourceVersionDate "2020.10.23"]
[SourceQuality "1"]

1. b4 Nf6 2. Bb2 g6 3. e3 Bg7 4. c4 0-0 5. Nf3 d6 6. d4 c5 7. b5 a6 8. a4 axb5 9. axb5 Rxa1 10. Bxa1 Ne4 11. Bd3 Qa5+ 12. Nbd2 Bf5 13. Bxe4 Bxe4 14. 0-0 Bf5 15. dxc5 dxc5 16. Bxg7 Kxg7 17. Qa1+ Qxa1 18. Rxa1 Nd7 19. Ra7 Rb8 20. e4 Be6 21. Ng5 Nb6 22. Nxe6+ fxe6 23. Kf1 Kf6 24. Ke2 Ke5 25. Ke3 g5 26. f3 Kd6 27. g3 e5 28. Kd3 h5 29. Kc3 e6 30. Nb3 Nc8 31. Ra1 b6 32. Rd1+ Ke7 33. Nd2 Ra8 34. Kb3 Nd6 35. Nf1 Rf8 36. Nd2 Ra8 37. Nf1 h4 38. gxh4 gxh4 39. Ne3 Rg8 40. Ng4 Nxe4 41. Nxe5 Nd6 42. Ng4 Rf8 43. Rd3 Rf4 44. Ne5 Kf6 45. Ng4+ Ke7 46. Ne5 Rf5 47. Nc6+ Kd7 48. Nb8+ Kc7 49. Na6+ Kd7 50. Nb8+ Ke7 51. Nc6+ Kd7 52. Nb8+ 1/2-1/2

[Event "GER-ch Net Amateur Gr-A Vor1"]
[Site "Playchess.com INT"]
[Date "2020.04.14"]
[Round "1"]
[White "Steffens, Olaf"]
[Black "Garner, Isaac"]
[Result "1-0"]
[WhiteElo "1956"]
[BlackElo "1620"]
[PlyCount "51"]
[EventDate "2020.04.14"]
[EventType "swiss (blitz)"]
[EventRounds "9"]
[EventCountry "GER"]
[SourceTitle "EXT 2021"]
[Source "ChessBase"]
[SourceDate "2020.10.23"]
[SourceVersion "1"]
[SourceVersionDate "2020.10.23"]
[SourceQuality "1"]

1. b4 c6 2. e3 e5 3. Bb2 Qc7 4. Nf3 f6 5. c4 Bxb4 6. Nc3 Ne7 7. d4 exd4 8. Nxd4 0-0 9. Bd3 d5 10. 0-0 Bd6 11. Qh5 g6 12. Qh4 a6 13. cxd5 cxd5 14. Rac1 Nbc6 15. Nxd5 Nxd5 16. Bc4 Qf7 17. e4 Nce7 18. exd5 b5 19. Bb3 Bb7 20. Rc6 Rfd8 21. Ne6 Nxd5 22. Nxd8 Rxd8 23. Bxf6 Bxc6 24. Bxd8 Qd7 25. Rd1 Qxd8 26. Qxd8+ 1-0

[Event "GER-ch Net Amateur Gr-A Vor1"]
[Site "Playchess.com INT"]
[Date "2020.04.14"]
[Round "7"]
[White "Steffens, Olaf"]
[Black "Knaak, Joachim"]
[Result "1-0"]
[WhiteElo "1930"]
[BlackElo "1710"]
[PlyCount "61"]
[EventDate "2020.04.14"]
[EventType "swiss (blitz)"]
[EventRounds "9"]
[EventCountry "GER"]
[SourceTitle "EXT 2021"]
[Source "ChessBase"]
[SourceDate "2020.10.23"]
[SourceVersion "1"]
[SourceVersionDate "2020.10.23"]
[SourceQuality "1"]

1. b4 c6 2. e3 d5 3. c4 e6 4. Bb2 Nf6 5. b5 Be7 6. Nf3 0-0 7. a4 Re8 8. Nc3 Nbd7 9. Qc2 c5 10. Be2 b6 11. 0-0 dxc4 12. Bxc4 Bb7 13. Ng5 Nf8 14. f4 Nd5 15. Nce4 h6 16. Nf3 Nf6 17. Nxf6+ Bxf6 18. Ne5 Qd6 19. Rad1 Rad8 20. d4 Ba8 21. Kh1 Rc8 22. Ng4 Be7 23. f5 cxd4 24. fxe6 Nxe6 25. Nxh6+ gxh6 26. Rxf7 Kxf7 27. Qh7+ Kf6 28. Rf1+ Nf4 29. Qf7+ Kg5 30. exf4+ Kh4 31. Be2 1-0

[Event "Schwarzach op 34th"]
[Site "Schwarzach"]
[Date "2019.07.16"]
[Round "4"]
[White "Steffens, Olaf"]
[Black "Zelcic, Robert"]
[Result "0-1"]
[WhiteElo "2189"]
[BlackElo "2518"]
[PlyCount "114"]
[EventDate "2019.07.13"]
[EventType "swiss"]
[EventRounds "9"]
[EventCountry "AUT"]
[SourceTitle "EXT 2020"]
[Source "ChessBase"]
[SourceDate "2019.10.17"]
[SourceVersion "1"]
[SourceVersionDate "2019.10.17"]
[SourceQuality "1"]

1. b4 e5 2. a3 d5 3. Bb2 Bd6 4. c4 c6 5. Nf3 Nd7 6. e3 Ngf6 7. Nc3 0-0 8. d4 exd4 9. Qxd4 c5 10. bxc5 Bxc5 11. Qf4 Qb6 12. Rb1 Bd6 13. Qh4 Ne5 14. Nxe5 Bxe5 15. Bd3 dxc4 16. Qxc4 Bd7 17. Ba1 Qa5 18. Qb4 Qxb4 19. axb4 Rac8 20. Nd5 Nxd5 21. Bxe5 Nxb4 22. Rxb4 Rc1+ 23. Kd2 Rxh1 24. Rxb7 Rd8 25. Bc7 Bc6 26. Rxa7 Rd7 27. Ke2 g6 28. e4 Rxh2 29. Bxh2 Rxa7 30. Be5 Ra5 31. Bc3 Rg5 32. g3 Bb5 33. Bf6 Rc5 34. Bd4 Bxd3+ 35. Kxd3 Rc6 36. Ke3 f6 37. Kf3 Kf7 38. g4 Rc4 39. Bb2 Rb4 40. Ba1 Rb3+ 41. Kg2 h5 42. gxh5 gxh5 43. Kh2 Ra3 44. Bb2 Ra2 45. Bd4 Ra4 46. Bb6 Rxe4 47. f3 Rc4 48. Kg3 Kg6 49. Ba7 Kf5 50. Bb8 h4+ 51. Kh3 Rc3 52. Kg2 Rc2+ 53. Kg1 h3 54. Bd6 Rg2+ 55. Kf1 Rd2 56. Bc7 h2 57. Bg3 h1Q# 0-1